The son / (Record no. 131504)

MARC details
000 -LEADER
fixed length control field 00625nam a22002297a 4500
005 - DATE AND TIME OF LATEST TRANSACTION
control field 20170124110130.0
010 ## - LIBRARY OF CONGRESS CONTROL NUMBER
LC control number 138025
020 ## - INTERNATIONAL STANDARD BOOK NUMBER
Terms of availability 00.00
035 ## - SYSTEM CONTROL NUMBER
System control number 138025
037 ## - SOURCE OF ACQUISITION
Source of stock number/acquisition Cen Lib/Ret
040 ## - CATALOGING SOURCE
Original cataloging agency DPL
Language of cataloging EN
082 ## - DEWEY DECIMAL CLASSIFICATION NUMBER
Classification number N
Item number SIM
100 ## - MAIN ENTRY--PERSONAL NAME
Personal name Simenon, Georges
9 (RLIN) 31958
245 ## - TITLE STATEMENT
Title The son /
Statement of responsibility, etc by Georges Simenon; translated by Daphne Woodward
260 ## - PUBLICATION, DISTRIBUTION, ETC. (IMPRINT)
Name of publisher, distributor, etc Hamish Hamilton
Place of publication, distribution, etc London
Date of publication, distribution, etc 1958
270 ## - ADDRESS
City London
Address 90 Great Russell Street
300 ## - PHYSICAL DESCRIPTION
Extent 191p.
Dimensions 18cm(Hb)
650 ## - SUBJECT ADDED ENTRY--TOPICAL TERM
Topical term or geographic name as entry element Fiction in English
9 (RLIN) 28291
650 ## - SUBJECT ADDED ENTRY--TOPICAL TERM
Topical term or geographic name as entry element Short stories
9 (RLIN) 44
700 ## - ADDED ENTRY--PERSONAL NAME
Personal name Woodward, Daphne
9 (RLIN) 31959
942 ## - ADDED ENTRY ELEMENTS (KOHA)
Source of classification or shelving scheme Dewey Decimal Classification
Koha item type English Books
Classification part N
Call number suffix SIM
Holdings
Withdrawn status Lost status Damaged status Not for loan Home library Current library Date acquired Source of acquisition Cost, normal purchase price Total Checkouts Full call number Barcode Date last seen Copy number Cost, replacement price Price effective from Koha item type Public note
Written off       Central Library Central Library 15/07/2015 Cen Lib/Ret 0.00   N SIM 138025 15/07/2015 1 0.00 15/07/2015 English Books W/d List No. 6862/2 ; dtd 06/08/2020

© Delhi Public Library
Hit Counter
free hit counter